00522 2200193 4500001002100000005001500021035002000036245008100056100001800137250000600155300003500161700001600196260003600212082001200248084001800260020002200278650001100300990001700311INLIS00000000000120320190517031952 a0010-05190000941 aKumpulan Hadits Tentang Akhlak Terpuji /cSoleh Hidayat; Editor, Jodi Andrea0 aSoleh Hidayat a- aiv, 44 hlm. :bilus. ;c21 cm.0 aJodi Andrea aJakarta :bCV Megah Jaya,c2009 a291.124 a291.124 SOL k a978-602-8382-26-7 aHadits a04319/P/2018